| 000 | 00917nam a22002775a 4500 | ||
|---|---|---|---|
| 003 | EG-ScBUE | ||
| 005 | 20221012102352.0 | ||
| 008 | 150816s2000 enka f b 001 0 eng d | ||
| 020 | _a0632049138 (pbk.) | ||
| 020 | _a9780632049134 | ||
| 040 |
_aEG-ScBUE _beng _erda _cEG-ScBUE _dEG-ScBUE |
||
| 082 | 0 | 4 |
_a720.68 _bCHA _222 |
| 100 | 1 |
_aChappell, David‏ _q(David M.) _eauthor. |
|
| 245 | 1 | 4 |
_aThe architect in practice / _cDavid Chappell, Andrew Willis. |
| 250 | _aEighth edition. | ||
| 264 | 1 |
_aOxford : _bBlackwell Science, _c2000. |
|
| 300 |
_axviii, 406 pages : _billustrations ; _c25 cm |
||
| 504 | _aIncludes bibliographical references and index. | ||
| 590 | _ayassmeen ashraf. | ||
| 650 | 7 |
_aArchitectural practice _zUnited States. _2BUEsh |
|
| 651 | _2BUEsh | ||
| 653 |
_bENGARC _cAugust2015 |
||
| 655 | _vReading book | ||
| 700 | 1 |
_aWillis, Andrew, _eauthor. |
|
| 942 |
_cBB _k720.68 CHA _2ddc |
||
| 999 |
_c5720 _d5720 |
||